Online
Catalog

Ministerio público : (Record no. 60506)

MARC details
000 -CABECERA
campo de control de longitud fija 01034nas a2200265 i 4500
001 - NÚMERO DE CONTROL
campo de control 254958
003 - IDENTIFICADOR DEL NÚMERO DE CONTROL
campo de control AGN
005 - FECHA Y HORA DE LA ÚLTIMA TRANSACCIÓN
campo de control 20260317082502.0
007 - CAMPO FIJO DE DESCRIPCIÓN FÍSICA--INFORMACIÓN GENERAL
campo de control de longitud fija ta
008 - DATOS DE LONGITUD FIJA--INFORMACIÓN GENERAL
campo de control de longitud fija 260316e2002 dr qn|||r||||||0| | spa d
040 ## - FUENTE DE LA CATALOGACIÓN
Centro catalogador/agencia de origen AGN
Centro/agencia transcriptor DO-SdBNP
Lengua de catalogación spa
Normas de descripción rda
041 ## - CÓDIGO DE LENGUA
Código de lengua del texto/banda sonora o título independiente spa
245 ## - MENCIÓN DE TÍTULO
Título Ministerio público :
Resto del título revista de la Procuraduría General de la República /
Mención de responsabilidad, etc. Procuraduría General de la República.
264 ## - PRODUCCIÓN, PUBLICACIÓN, DISTRIBUCIÓN, FABRICACIÓN Y COPYRIGHT
Producción, publicación, distribución, fabricación y copyright Santo Domingo, República Dominicana :
Nombre del de productor, editor, distribuidor, fabricante Procuraduría General de la República,
Fecha de producción, publicación, distribución, fabricación o copyright 2002.
300 ## - DESCRIPCIÓN FÍSICA
Extensión volumen :
Otras características físicas ilustraciones, fotografías ;
Dimensiones 28 cm.
310 ## - PERIODICIDAD ACTUAL
Periodicidad actual Trimestral.
336 ## - TIPO DE CONTENIDO
Término de tipo de contenido texto
Código de tipo de contenido txt
Fuente rdacontent
337 ## - TIPO DE MEDIO
Nombre/término del tipo de medio sin mediación
Código del tipo de medio n
Fuente rdamedia
338 ## - TIPO DE SOPORTE
Nombre/término del tipo de soporte volumen
Código del tipo de soporte nc
Fuente rdacarrier
362 ## - FECHAS DE PUBLICACIÓN Y/O DESIGNACIÓN SECUENCIAL
Fecha de publicación y/o designación secuencial Año 5. No. 18, junio 2002.
500 ## - NOTA GENERAL
Nota general Catalogación basada en el: Año 5. No. 18, junio 2002.
650 ## - PUNTO DE ACCESO ADICIONAL DE MATERIA--TÉRMINO DE MATERIA
9 (RLIN) 50120
Término de materia o nombre geográfico como elemento de entrada Procuraduría General de la República
Subdivisión de forma Publicaciones periódicas
Subdivisión geográfica República Dominicana
856 ## - LOCALIZACIÓN Y ACCESO ELECTRÓNICOS
Tipo de formato electrónico URL
Identificador Uniforme del Recurso <a href="www.procuraduría.gov.do">www.procuraduría.gov.do</a>
Texto de enlace Recurso digital
942 ## - ELEMENTOS DE PUNTO DE ACCESO ADICIONAL (KOHA)
Fuente del sistema de clasificación o colocación Dewey Decimal Classification
Tipo de ítem Koha Publicación periódica
Holdings
Estado de retiro Estado de pérdida Fuente del sistema de clasificación o colocación Estado dañado Restricciones de uso No para préstamo Código de colección Localización permanente Ubicación/localización actual Fecha de adquisición Enumeración/cronología de publicación seriada Total de préstamos Código de barras Fecha visto por última vez Número de copia Precio válido a partir de Tipo de ítem Koha
    Dewey Decimal Classification   Préstamo en sala   Hemeroteca Biblioteca Nacional Pedro Henríquez Ureña Biblioteca Nacional Pedro Henríquez Ureña 16.03.2026 Año 5. No. 18, junio 2002   2026-2237 16.03.2026 e.1 16.03.2026 Publicación periódica
    Dewey Decimal Classification   Préstamo en sala   Hemeroteca Biblioteca Nacional Pedro Henríquez Ureña Biblioteca Nacional Pedro Henríquez Ureña 16.03.2026 Año 5. No. 19, agosto 2002   2026-2238 16.03.2026 e.1 16.03.2026 Publicación periódica
    Dewey Decimal Classification   Préstamo en sala   Hemeroteca Biblioteca Nacional Pedro Henríquez Ureña Biblioteca Nacional Pedro Henríquez Ureña 16.03.2026 Año 5. No. 19, agosto 2002   2026-2239 16.03.2026 e.2 16.03.2026 Publicación periódica
    Dewey Decimal Classification   Préstamo en sala   Hemeroteca Biblioteca Nacional Pedro Henríquez Ureña Biblioteca Nacional Pedro Henríquez Ureña 16.03.2026 Año 5. No. 20, octubre-diciembre 2002   2026-2240 16.03.2026 e.1 16.03.2026 Publicación periódica
    Dewey Decimal Classification   Préstamo en sala   Hemeroteca Biblioteca Nacional Pedro Henríquez Ureña Biblioteca Nacional Pedro Henríquez Ureña 16.03.2026 Año 5. No. 19, agosto 2002   2026-2241 16.03.2026 e.3 16.03.2026 Publicación periódica
    Dewey Decimal Classification   Préstamo en sala   Hemeroteca Biblioteca Nacional Pedro Henríquez Ureña Biblioteca Nacional Pedro Henríquez Ureña 16.03.2026 Año 5. No. 18, junio 2002   2026-2279 16.03.2026 e.2 16.03.2026 Publicación periódica
    Dewey Decimal Classification   Préstamo en sala   Hemeroteca Biblioteca Nacional Pedro Henríquez Ureña Biblioteca Nacional Pedro Henríquez Ureña 17.03.2026 Año 3. No. 8, octubre 2000   2026-2280 17.03.2026 e.1 17.03.2026 Publicación periódica

Powered by Koha